000 00602nam a2200229 i 4500
001 bg
100 1 _aKujda, Mieczysław
245 1 0 _aMakroekonomia /
_cMieczysław Kujda.
260 _aRzeszów :
_bPolit. Rzeszowska im. I. Łukaszewicza,
_c1995.
300 _a306 s. :
_bwykr. ;
_c24 cm.
504 _aBibliogr. s. 303-306.
650 9 _aMakroekonomia
655 _aPodręczniki akademickie
020 _a8390275740
040 _cBPK
041 _apol
080 _a330.101.541
080 _a(075.8)
920 _a83-902757-4-0
942 _cKS
008 s pl f |000 0 pol
999 _c6832
_d6832
856 _uhttp://koha.tu.koszalin.pl/cgi-bin/koha/opac-detail.pl?biblionumber=6832
_yKatalog online BPK